[Event "Tourn. n9556"]
[Site "www.chess-mail.com"]
[Date "2017.10.18"]
[Round "1"]
[White "Claymil"]
[Black "Luban"]
[WhiteElo "2090"]
[BlackElo "2090"]
[Result "0-1"]
[Round "1"]
1.c4 e6
2.Nb1c3 d5
3.cxd5 exd5
4.d4 c6
5.g3 h6
6.Bf1g2 Ng8f6
7.a3 Bf8e7
8.b4 Nb8d7
9.Bc1b2 Nd7b6
10.e3 Nb6c4
11.Qd1e2 b6
12.Ng1f3 Bc8a6
13.Qe2c2 Nc4xb2
14.Qc2xb2 O-O
15.Ra1c1 Ba6c4
16.Nf3d2 b5
17.Nd2xc4 bxc4
18.O-O Ra8b8
19.Nc3a4 a5
20.Na4c5 Qd8b6
21.Rc1b1 Be7xc5
22.dxc5 Qb6b5
23.Qb2c3 axb4
24.axb4 Rf8e8
25.f3 Rb8a8
26.Rb1a1 Re8b8
27.Ra1xa8 Rb8xa8
28.Rf1b1 Ra8a4
29.h4 Nf6d7
30.Rb1b2 Nd7b8
31.Bg2f1 Nb8a6
32.Bf1e2 Ra4xb4
33.Rb2a2 Rb4b3
34.Qc3c2 Rb3xe3
35.Kf2 Re3e8
36.Qc2d2 Qb5xc5
37.Kf1 Qc5b4
38.Qd2c2 Na6c5
39.Ra2b2 Qb4a3
40.Rb2b6 Nc5e6
41.Qc2d2 Qa3a1
42.Kf2 Qa1d4
43.Qd2xd4 Ne6xd4
44.Be2d1 c3
{ resign }
0-1

[Event "Tourn. n9462"]
[Site "www.chess-mail.com"]
[Date "2017.10.18"]
[Round "1"]
[White "Xkafi"]
[Black "Hundegana"]
[WhiteElo "2050"]
[BlackElo "1990"]
[Result "0-1"]
[Round "1"]
1.e4 c5
2.Bf1c4 Nb8c6
3.c3 e6
4.f4 Bf8d6
5.Qd1g4 g6
6.d3 h5
7.Qg4h3 a6
8.Bc1e3 b6
9.Ng1f3 Qd8c7
10.g3 b5
11.Bc4b3 Nc6a5
12.Bb3d1 Ng8h6
13.Nb1d2 Nh6g4
14.Be3g1 Bc8b7
15.Nf3g5 Ng4h6
16.Bd1f3 f6
17.e5 Bb7xf3
18.Ng5xf3 Bd6e7
19.Nd2e4 fxe5
20.Nf3xe5 Rh8g8
21.Ne5xg6 Rg8xg6
22.Qh3xh5 Kf7
23.Bg1e3 Ra8g8
24.Rh1f1 Nh6f5
25.Be3d2 Kf8
26.O-O-O c4
27.d4 d5
28.Ne4g5 Be7xg5
29.fxg5 Na5c6
30.g4 Nc6e7
31.gxf5 Ne7xf5
32.Bd2f4 Qc7d7
33.Bf4e5 Rg6xg5
34.Qh5h6 Ke8
35.Rf1xf5 Rg5xf5
36.h4 Qd7e7
37.Be5f4 Qe7f7
38.Rd1f1 Rf5h5
{ resign }
0-1

[Event "Tourn. n9537"]
[Site "www.chess-mail.com"]
[Date "2017.10.18"]
[Round "1"]
[White "Norlavuaram"]
[Black "Cjood"]
[WhiteElo "2070"]
[BlackElo "2010"]
[Result "1-0"]
[Round "1"]
1.e4 e5
2.Ng1f3 Nb8c6
3.Bf1b5 Bf8c5
4.O-O Ng8e7
5.c3 a6
6.Bb5a4 d6
7.d4 exd4
8.cxd4 b5
9.Ba4c2 Bc5b6
10.Nb1c3 Bc8b7
11.Rf1e1 O-O
12.Bc1g5  { time }
1-0

[Event "Tourn. n9557"]
[Site "www.chess-mail.com"]
[Date "2017.10.18"]
[Round "1"]
[White "Tartan"]
[Black "Apdash"]
[WhiteElo "2500"]
[BlackElo "2210"]
[Result "1-0"]
[Round "1"]
1.e4 e5
2.Ng1f3 Nb8c6
3.Bf1b5 Ng8e7
4.O-O a6
5.Bb5a4 d6
6.c3 f5
7.d3 Bc8e6
8.Nf3g5 Be6g8
9.exf5 Ne7xf5
10.f4 Bf8e7
11.fxe5 Be7xg5
12.Qd1h5 g6
13.Bc1xg5 Qd8d7
14.Qh5e2 b5
15.Bg5f6 Nf5g7
16.exd6 Bg8e6
17.Bf6xg7 O-O-O
18.Bg7xh8 Rd8xh8
19.Ba4b3 Be6g4
20.Qe2f2 Rh8e8
21.Qf2f7 cxd6
22.Qf7xd7 Kxd7
23.Nb1d2 Bg4e2
24.Rf1f7 Re8e7
25.Rf7xe7 Nc6xe7
26.d4 d5
27.Bb3d1 Be2d3
28.Nd2b3 Kd6
29.Nb3c5 Bd3e4
30.Nc5xa6 Ne7f5
31.Kf2 Nf5h4
32.g3 Nh4f5
33.Bd1e2 h5
34.Be2xb5 g5
35.Na6c5 h4
36.Ra1e1 hxg3
37.hxg3 g4
38.Nc5xe4 dxe4
39.Re1xe4 Nf5e7
40.Re4xe7 Kxe7
41.Ke3 { resign }
1-0

[Event "Tourn. n9453"]
[Site "www.chess-mail.com"]
[Date "2017.10.18"]
[Round "1"]
[White "Passaroa25"]
[Black "Julian"]
[WhiteElo "1680"]
[BlackElo "1490"]
[Result "0-1"]
[Round "1"]
1.e4 d6
2.f3 e5
3.d3 Ng8f6
4.c3 c6
5.Nb1d2 Bc8e6
6.Nd2b3 Nb8d7
7.Ng1e2 Bf8e7
8.Ne2g3 O-O
9.Bc1e3 d5
10.Be3f2 Qd8c7
11.Bf1e2 Ra8d8
12.O-O dxe4
13.dxe4 h5
14.Ng3f5 Be6xf5
15.exf5 Nd7c5
16.Qd1c2 Nc5xb3
17.Qc2xb3 e4
18.g4 exf3
19.Be2xf3 Rd8d2
20.Ra1b1 hxg4
21.Bf2g3 Be7d6
22.Bf3g2 Bd6xg3
23.hxg3 Qc7xg3
24.Qb3d1 Rd2xd1
25.Rb1xd1 Nf6h5
26.Rd1d7 Nh5f4
27.Rf1xf4 Qg3xf4
28.Rd7xb7 Qf4e3
29.Kh2 g3
30.Kh3 Rf8d8
31.Bg2xc6 g6
32.fxg6 fxg6
33.Rb7xa7 Rd8d1
34.Ra7a8 Kg7
35.Ra8e8 Qe3xe8
36.Kxg3 Rd1d3
37.Bc6f3 Qe8e5
38.Kg4 Qe5f5
39.Kh4 Rd3xf3
40.a4 Rf3h3

0-1

[Event "Tourn. n9475"]
[Site "www.chess-mail.com"]
[Date "2017.10.18"]
[Round "1"]
[White "Pachi"]
[Black "Passaroa25"]
[WhiteElo "1530"]
[BlackElo "1670"]
[Result "1-0"]
[Round "1"]
1.e4 c6
2.Ng1f3 d6
3.d4 e6
4.e5 d5
5.Bc1g5 Bf8e7
6.h4 Be7b4
7.c3 Bb4e7
8.b3 h6
9.c4 Be7xg5
10.hxg5 h5
11.Rh1h4 g6
12.Nb1d2 Ng8e7
13.Bf1d3 Ne7f5
14.Bd3xf5 exf5
15.Qd1e2 Bc8e6
16.a4 Nb8a6
17.a5 Na6b4
18.Kf1 O-O
19.cxd5 Nb4xd5
20.a6 Nd5c3
21.Qe2d3 Nc3d5
22.axb7 Nd5b4
23.Qd3c3 Nb4d5
24.Qc3xc6 Ra8b8
25.Ra1xa7 Nd5e7
26.Qc6c5 Be6d5
27.Qc5b5 Bd5c6
28.Qb5b4 Ne7d5
29.Qb4a5 Bc6xb7
30.Qa5xd8 Rf8xd8
31.Nd2c4 Nd5b4
32.Nc4d6 Nb4c6
33.Ra7a1 Bb7a8
34.Nf3d2 Nc6b4
35.Nd2c4 Ba8d5
36.f3 Bd5b7
37.Kg1 Bb7d5
38.Kf2 Nb4d3
39.Ke2 Rb8xb3
40.g4 fxg4
41.fxg4 Nd3f4
42.Kd2 Rb3d3
43.Kc2 hxg4
44.Rh4xg4 Nf4e6
45.Kxd3 Bd5f3
46.Rg4g3 Ne6f4
47.Ke3 Nf4e2
48.Rg3xf3 Ne2c3
49.Nd6xf7 Nc3d5
50.Ke4 Rd8f8
51.Kxd5 Rf8xf7
52.Rf3xf7 Kxf7
53.Ra1a7 { resign }
1-0

[Event "Match"]
[Site "www.echecsemail.com"]
[Date "2017.10.18"]
[Round "1"]
[White "Emmanuel69"]
[Black "Cjood"]
[WhiteElo "1930"]
[BlackElo "1990"]
[Result "1-0"]
[Round "1"]
1.c4 g6
2.d4 Bf8g7
3.Nb1c3 c6
4.e4 e5
5.d5 d6
6.h3 Bc8d7
7.Ng1f3 f5
8.g3 h5
9.h4 fxe4
10.Nc3xe4 Bd7g4
11.Bf1g2 cxd5
12.cxd5 Bg4xf3
13.Bg2xf3 Ng8f6
14.Ne4xf6 Qd8xf6
15.Bc1g5 Qf6f5
16.O-O O-O
17.Bf3g2 Nb8d7
18.Bg5e3 b6
19.Qd1a4 a5
20.Ra1c1 Rf8b8
21.Bg2e4  { time }
1-0

[Event "Match"]
[Site "www.echecsemail.com"]
[Date "2017.10.18"]
[Round "1"]
[White "Sagara1977"]
[Black "Azulmarino"]
[WhiteElo "1560"]
[BlackElo "1620"]
[Result "1-0"]
[Round "1"]
1.e4 e5
2.Qd1f3 Ng8f6
3.Bf1c4 d6
4.Nb1c3 Bc8g4
5.Qf3g3 Bf8e7
6.h3 Qd8d7
7.hxg4 Nf6xg4
8.f3 Ng4f6
9.Qg3xg7 Rh8f8
10.Nc3d5 Nb8c6
11.d3 Nc6d4
12.Kd2 c6
13.Nd5xf6 { resign }
1-0

[Event "Match"]
[Site "www.echecsemail.com"]
[Date "2017.10.18"]
[Round "1"]
[White "Irene"]
[Black "Ericleo1980"]
[WhiteElo "2100"]
[BlackElo "2210"]
[Result "1-0"]
[Round "1"]
1.d4 d5
2.Nb1c3 Ng8f6
3.Ng1f3 Bc8f5
4.e3 e6
5.Bf1e2 Nb8d7
6.Nf3g5 c6
7.Nc3a4 Bf8d6
8.Be2h5 Qd8a5
9.Bc1d2 Qa5xa4
10.Bh5xf7 Ke7
11.b3 Qa4b5
12.Bf7h5 h6
13.Ng5f7 Nf6xh5
14.Qd1xh5 g6
15.Nf7xd6 Kxd6
16.Qh5h4 Bf5xc2
{ time. }
1-0

[Event "Match"]
[Site "www.echecsemail.com"]
[Date "2017.10.18"]
[Round "1"]
[White "Mitja"]
[Black "Bojan"]
[WhiteElo "1930"]
[BlackElo "1960"]
[Result "0-1"]
[Round "1"]
1.d4 d5
2.e3 Bc8d7
3.h3 a6
4.c3 g6
5.Bf1e2 Bf8g7
6.Ng1f3 Ng8f6
7.b3 Bd7e6
8.Bc1b2 h6
9.Nb1a3 Nf6e4
10.Nf3d2 f5
11.Nd2xe4 fxe4
12.Be2g4 Qd8d6
13.Bg4xe6 Qd6xe6
14.Na3c2 Nb8d7
15.Qd1e2 c5
16.g4 Qe6d6
17.f4 g5
18.O-O-O gxf4
19.exf4 Qd6xf4
20.Kb1 Qf4d6
21.Nc2e3 e6
22.Rh1f1 b5
23.Rf1f2 Bg7f6
24.Rd1f1 Bf6g5
25.dxc5 Qd6xc5
26.Ne3c2 O-O-O
27.Nc2d4 Qc5b6
28.Rf1h1 Bg5h4
29.Rf2f1 Nd7e5
30.Bb2c1 b4
31.cxb4 Qb6xd4
32.Qe2xa6 Kd7
33.Qa6b5 Ke7
34.Qb5b7 Rd8d7
35.Qb7xd7 Kxd7
36.Rf1f2 Bh4xf2
37.Rh1e1 Qd4d3
38.Ka1 Bf2xe1
{ resign }
0-1

[Event "Match"]
[Site "www.echecsemail.com"]
[Date "2017.10.18"]
[Round "1"]
[White "Ditto"]
[Black "Biggles"]
[WhiteElo "1920"]
[BlackElo "2150"]
[Result "0-1"]
[Round "1"]
1.d4 Ng8f6
2.c4 e6
3.Ng1f3 b6
4.Bc1g5 Bf8e7
5.Nb1c3 Bc8a6
6.e3 O-O
7.Bf1d3 d5
8.cxd5 Ba6xd3
9.Qd1xd3 exd5
10.O-O c6
11.Rf1e1 Nb8d7
12.Ra1b1 h6
13.Bg5f4 Ra8c8
14.e4 Be7b4
15.Re1e2 Bb4xc3
 { time }
0-1

[Event "Match"]
[Site "www.echecsemail.com"]
[Date "2017.10.18"]
[Round "1"]
[White "Begory"]
[Black "Lcbunghai"]
[WhiteElo "1719"]
[BlackElo "1799"]
[Result "1-0"]
[Round "1"]
1.d4 f5
2.Bc1f4 d6
3.Nb1c3 Ng8f6
4.Ng1f3 g6
5.e3 Bf8g7
6.Bf1c4 c6
7.d5 c5
8.O-O O-O
9.Rf1e1 a6
10.Bf4g5 b5
11.Bc4e2 b4
12.Nc3b1 Nb8d7
13.Bg5xf6 Bg7xf6
14.c3 bxc3
15.Nb1xc3 Nd7e5
16.Nf3xe5 Bf6xe5
17.e4 fxe4
18.a4 Bc8d7
19.Nc3xe4 Qd8c8
20.b3 Bd7f5
21.Ne4g3 Be5xa1
22.Qd1xa1 Qc8b7
23.Be2c4 Rf8f6
24.Re1e3 Ra8f8
25.Qa1d1 Bf5c8
26.f3 Kg7
27.Qd1e1 Qb7c7
28.Re3xe7 { resign }
1-0

[Event "Match"]
[Site "www.echecsemail.com"]
[Date "2017.10.18"]
[Round "1"]
[White "Cjood"]
[Black "Karlgrocer"]
[WhiteElo "2000"]
[BlackElo "2010"]
[Result "0-1"]
[Round "1"]
1.c4 c5
2.Ng1f3 d6
3.g3 Ng8f6
4.d3 e5
5.e4 Bf8e7
6.Bf1e2 O-O
7.Nb1c3 a6
8.Bc1d2 Nb8c6
9.a3 Bc8d7
10.h3 Nc6a7
11.g4 b5
12.Nc3d5 Nf6xd5
13.cxd5 Na7c8
14.b4 cxb4
15.axb4 Nc8b6
16.Ra1a3 Nb6a4
17.Qd1a1 Qd8b6
18.Bd2e3 Qb6b7
19.O-O Ra8c8
20.Kh2 Rc8c7
21.d4 Rf8c8
22.dxe5 dxe5
23.Nf3xe5 Be7f6
24.Be3d4 Rc8e8
25.Ne5xd7 Bf6xd4
26.Qa1xd4 Rc7xd7
27.f4 Qb7c7
28.Ra3f3 Qc7b6
29.Qd4xb6 Na4xb6
30.Be2d1 Re8xe4
31.Bd1c2 Re4xb4
32.Rf1e1 g6
33.Kg3 Rd7xd5
34.Re1e8 Kg7
35.h4 Rd5c5
36.Bc2e4 Rc5c4
37.Be4b7 Rb4a4
 { time }
0-1

[Event "1/16 Finale"]
[Site "www.chess-mail.com"]
[Date "2017.10.18"]
[Round "1"]
[White "Jaroslavpech"]
[Black "Fieldfast"]
[WhiteElo "2300"]
[BlackElo "2430"]
[Result "1-0"]
[Round "1"]
1.e4 c6
2.d4 d5
3.Nb1c3 dxe4
4.Nc3xe4 Bc8f5
5.Ne4g3 Bf5g6
6.h4 h6
7.Ng1f3 Nb8d7
8.h5 Bg6h7
9.Bf1d3 Bh7xd3
10.Qd1xd3 Ng8f6
11.Bc1f4 e6
12.O-O-O Bf8e7
13.Kb1 O-O
14.Ng3e4 Nf6xe4
15.Qd3xe4 Nd7f6
16.Qe4e2 Qd8d5
17.Nf3e5 Qd5e4
18.Qe2xe4 Nf6xe4
19.Rh1e1 Ne4f6
20.g4 Rf8d8
21.f3 Ra8c8
22.c4 Nf6d7
23.Bf4e3 b6
24.f4 c5
25.d5 exd5
26.cxd5 Nd7f6
27.Ne5c6 Rd8d7
28.g5 hxg5
29.fxg5 Nf6xh5
30.Be3f4 Be7f8
31.Bf4h2 g6
32.Nc6e5 Rd7d8
33.Rd1d2 Nh5g7
34.Ne5g4 Ng7h5
35.Bh2e5 Bf8g7
36.d6 { resign }
1-0

[Event "Fast Game"]
[Site "www.echecsemail.com"]
[Date "2017.10.18"]
[Round "1"]
[White "Pellix84"]
[Black "Apdash"]
[WhiteElo "1620"]
[BlackElo "1759"]
[Result "1-0"]
[Round "1"]
1.d4 d5
2.g3 Bc8f5
3.Bf1g2 Nb8c6
4.Nb1c3 e6
5.Ng1f3 Nc6b4
6.e4 dxe4
7.Nf3h4 g5
8.Nh4xf5 exf5
9.a3 Nb4d5
10.Nc3xd5 Qd8xd5
11.Bc1xg5 Bf8e7
12.c4 Qd5d7
13.Bg5f4 O-O-O
14.d5 Be7d6
15.Qd1d4 Ng8e7
16.Qd4xa7 c5
17.Qa7a8 Kc7
18.Qa8a5 Kc8
19.Bf4e3 Qd7c7
20.Qa5b5 f6
21.O-O Ne7g6
22.b4 b6
23.bxc5 bxc5
24.Rf1b1 Rd8d7
25.Bg2h3 Ng6e7
26.Rb1b3 Qc7b7
27.Be3xc5 Qb7xb5
28.Rb3xb5 Bd6xc5
29.Rb5xc5 Rd7c7
30.Rc5xc7 Kxc7
31.Ra1d1 Kd6
32.c5 Kxc5
33.d6 Ne7c6
34.Bh3xf5 Nc6d4
35.Bf5xe4 Rh8d8
36.Be4xh7 Rd8xd6
37.Kg2 f5
38.f4 Rd6a6
39.Rd1c1 Kd5
40.Bh7g8 Ke4
41.Rc1c3 Ra6g6
42.Bg8c4 Rg6f6
43.Kf2 Nd4c6
44.Bc4b5 Nc6d4
45.a4 Rf6b6
46.Bb5d3 Kd5
47.a5 Rb6b2
48.Ke3 Nd4b5
49.Bd3xb5 Rb2xb5
50.Rc3a3 Rb5b7
51.a6 Rb7a7
52.h4 Ke6
53.Kd4 Kd6
54.h5 Ke6
55.Kc5 Kf6
56.Kb6 Ra7h7
57.a7 Rh7xa7
58.Ra3xa7 Ke6
59.h6 Kf6
60.h7 { resign }
1-0

[Event "Tourn. n9528"]
[Site "www.chess-mail.com"]
[Date "2017.10.19"]
[Round "1"]
[White "Gvladutz"]
[Black "Faerieking"]
[WhiteElo "2480"]
[BlackElo "2240"]
[Result "1-0"]
[Round "1"]
1.e4 d5
2.exd5 Ng8f6
3.c4 e6
4.dxe6 Bc8xe6
5.Ng1f3 Qd8e7
6.Qd1e2 Nb8c6
7.d4 Be6f5
8.a3 O-O-O
9.Qe2xe7 Bf8xe7
10.Bc1e3 Kb8
11.d5 Nc6a5
12.Nb1d2 b6
13.b4 Na5b7
14.Bf1e2 Be7d6
15.Nf3d4 Bf5d7
16.O-O h6
17.Nd4c6 Bd7xc6
18.dxc6 Bd6e5
19.cxb7 Be5xa1
20.Rf1xa1 Rh8e8
21.Nd2b3 Kxb7
22.b5 { resign }
1-0

[Event "Tourn. n9525"]
[Site "www.chess-mail.com"]
[Date "2017.10.19"]
[Round "1"]
[White "Claymil"]
[Black "Amaya"]
[WhiteElo "2100"]
[BlackElo "2070"]
[Result "1/2-1/2"]
[Round "1"]
1.c4 Ng8f6
2.Nb1c3 g6
3.g3 Bf8g7
4.Bf1g2 c6
5.e3 O-O
6.Ng1e2 d5
7.cxd5 Nf6xd5
8.d4 Bc8g4
9.h3 Bg4d7
10.O-O Qd8c8
11.Kh2 Rf8d8
12.a3 Nb8a6
13.b4 Na6c7
14.Bc1b2 Nc7e6
15.Ra1c1 Nd5b6
16.Nc3e4 Nb6d5
17.Ne4c5 Ne6xc5
18.Rc1xc5 b6
19.Rc5c2 e6
20.Qd1d2 Nd5e7
21.Ne2f4 Qc8a6
22.Rf1c1 Ra8c8
23.Bg2f1 b5
24.Nf4d3 Rc8c7
25.Nd3c5 Qa6c8
26.Nc5xd7 Qc8xd7
27.Bf1xb5 e5
28.Bb5e2 exd4
29.Rc1d1 Ne7f5
30.e4 Nf5d6
31.f3 Qd7e7
32.Qd2c1 Rd8c8
33.Bb2xd4 Bg7xd4
34.Rd1xd4 Nd6b5
35.Rd4d3 Qe7e5
36.Rc2c5 Qe5f6
37.f4 h6
38.Be2g4 Rc8d8
39.Rd3xd8 Qf6xd8
40.Rc5xc6 Rc7xc6
41.Qc1xc6 Qd8d2
42.Kg1 Qd2e1
43.Kg2 Qe1d2
44.Kf1 Nb5d4
45.Qc6e8 Kg7
46.Qe8e5 Kh7
47.Qe5c7 Qd2d3
48.Kf2 Qd3d2
49.Kf1 h5
50.Qc7xf7 Kh6
51.Qf7f8 Kh7
52.Qf8f7 Kh6
53.Qf7f8 Kh7
54.Qf8e7 Kh6
55.Qe7g5 Kh7
56.Qg5e7 Kh6
57.Qe7g5 Kh7
58.Qg5e7 Kh6
{ draw }
1/2-1/2

[Event "Tourn. n9511"]
[Site "www.chess-mail.com"]
[Date "2017.10.19"]
[Round "1"]
[White "Ditto"]
[Black "Cjood"]
[WhiteElo "1900"]
[BlackElo "1970"]
[Result "1-0"]
[Round "1"]
1.d4 Ng8f6
2.c4 c5
3.d5 e6
4.Ng1f3 exd5
5.cxd5 Qd8b6
6.Nb1c3 d6
7.Bc1g5 Qb6xb2
8.Ra1c1 Nf6g4
9.e3 g6
10.Bf1e2 Bc8d7
11.O-O Bf8g7
12.Nc3e4 Qb2b6
13.Ne4c3 h6
14.Bg5f4 Qb6a5
15.Qd1b3 b6
16.Nf3d2 Bg7xc3
17.Rc1xc3 Ng4e5
18.Nd2e4 O-O
19.Bf4xh6  { time }
1-0

[Event "Tourn. n9531"]
[Site "www.chess-mail.com"]
[Date "2017.10.19"]
[Round "1"]
[White "Apdash"]
[Black "Falcoale"]
[WhiteElo "1920"]
[BlackElo "1970"]
[Result "1-0"]
[Round "1"]
1.e4 c5
2.Ng1f3 e6
3.d4 cxd4
4.Nf3xd4 Nb8c6
5.Bc1e3 Ng8f6
6.f3 Bf8b4
7.c3 Bb4a5
8.Nb1a3 O-O
9.Na3c4 d5
10.Nc4xa5 Nc6xa5
11.e5 Nf6d7
12.f4 Nd7c5
13.b4 Na5c4
14.Bf1xc4 dxc4
15.bxc5 Qd8e7
16.Nd4b5 Rf8d8
17.Nb5d6 Rd8d7
18.Qd1e2 Ra8b8
19.Qe2xc4 Qe7d8
20.O-O a6
21.Ra1b1 Qd8e7
22.f5 exf5
23.Be3d4 Rd7c7
24.Qc4d3 Bc8e6
25.Nd6xf5 Qe7g5
26.Nf5g3 Rb8d8
27.Ng3e4 Qg5e7
28.Qd3g3 h6
29.a3 Be6a2
30.Rb1b6 Rc7c6
31.Rb6xc6 bxc6
32.e6 g6
33.exf7 Ba2xf7
34.Ne4d6 Rd8f8
35.Nd6xf7 Rf8xf7
36.Qg3xg6 { resign }
1-0

[Event "Tourn. n9490"]
[Site "www.chess-mail.com"]
[Date "2017.10.19"]
[Round "1"]
[White "Ditto"]
[Black "Cjood"]
[WhiteElo "1870"]
[BlackElo "1900"]
[Result "1-0"]
[Round "1"]
1.e4 c5
2.Ng1f3 g6
3.Bf1c4 e6
4.d3 Bf8g7
5.c3 a6
6.e5 Qd8c7
7.Bc1f4 b5
8.Bc4b3 Nb8c6
9.Qd1e2 Ng8e7
10.O-O a5
11.Rf1e1 a4
12.Bb3c2 h6
13.Nb1d2 g5
14.Bf4g3 Ne7g6
15.d4 cxd4
16.cxd4 Bc8a6
17.Qe2e3 Nc6b4
18.Bc2e4 Ra8c8
19.a3 Nb4c6
20.Be4xg6 fxg6
21.Qe3e4 Kf7
22.Ra1c1 Ba6b7
23.Qe4c2 g4
24.Nf3h4 g5
25.Nh4g6 Rh8g8
26.Re1e4 Kxg6
27.Re4xg4  { time }
1-0

[Event "Tourn. n9535"]
[Site "www.chess-mail.com"]
[Date "2017.10.19"]
[Round "1"]
[White "Marbachess"]
[Black "Faerieking"]
[WhiteElo "2530"]
[BlackElo "2250"]
[Result "1-0"]
[Round "1"]
1.f4 e5
2.fxe5 d6
3.exd6 Bf8xd6
4.Ng1f3 g5
5.g3 g4
6.Nf3h4 Ng8e7
7.d4 Ne7g6
8.Nh4xg6 hxg6
9.Qd1d3 Nb8c6
10.c3 Bc8f5
11.Qd3e3 Kd7
12.Bf1g2 Rh8e8
13.Qe3f2 Qd8e7
14.Nb1d2 Bf5d3
15.O-O Qe7xe2
16.Qf2xe2 Re8xe2
17.Rf1xf7 Nc6e7
18.Bg2f1 Re2e1
19.Kf2 { resign }
1-0

[Event "Tourn. n9496"]
[Site "www.chess-mail.com"]
[Date "2017.10.19"]
[Round "1"]
[White "Darko10"]
[Black "Numanoid"]
[WhiteElo "2810"]
[BlackElo "2420"]
[Result "1/2-1/2"]
[Round "1"]
1.e4 e6
2.d4 d5
3.Nb1d2 c5
4.Ng1f3 cxd4
5.exd5 Qd8xd5
6.Bf1c4 Qd5d6
7.O-O Ng8f6
8.Nd2b3 Nb8c6
9.Nb3xd4 Nc6xd4
10.Nf3xd4 a6
11.Rf1e1 Qd6c7
12.Bc4b3 Bf8d6
13.Nd4f5 Bd6xh2
14.Kh1 O-O
15.Nf5xg7 Rf8d8
16.Qd1f3 Kxg7
17.Bc1h6 Kg6
18.c3 Nf6h5
19.Bh6c1 Bh2f4
20.g4 Nh5g3
21.fxg3 Bf4xc1
22.Ra1xc1 b6
23.Bb3c2 Kg7
24.Bc2e4 Ra8a7
25.Rc1c2 Bc8b7
{ draw }
1/2-1/2

[Event "Tourn. n9505"]
[Site "www.chess-mail.com"]
[Date "2017.10.19"]
[Round "1"]
[White "Welberth"]
[Black "Esperanza"]
[WhiteElo "1900"]
[BlackElo "1880"]
[Result "0-1"]
[Round "1"]
1.e4 c5
2.d4 cxd4
3.Ng1f3 d6
4.Nf3xd4 Ng8f6
5.Nb1c3 e6
6.Bf1e2 a6
7.Bc1g5 Bf8e7
8.O-O O-O
9.Kh1 Qd8c7
10.f4 Nb8c6
11.Nd4xc6 bxc6
12.Qd1e1 Ra8b8
13.Ra1b1 Bc8b7
14.Be2f3 Rf8e8
15.Qe1g3 d5
16.e5 Nf6d7
17.Bg5h6 Be7f8
18.h4 Kh8
19.Bf3h5 Re8e7
20.f5 gxh6
21.f6 Nd7xf6
22.Rf1xf6 Bf8g7
23.Rf6f3 Bg7xe5
24.Qg3f2 f5
25.g4 d4
26.Nc3e4 c5
27.Rb1e1 Bb7xe4
28.Re1xe4 fxe4
29.Rf3f8 Kg7
{ resign }
0-1

[Event "Tourn. n9522"]
[Site "www.chess-mail.com"]
[Date "2017.10.19"]
[Round "1"]
[White "Luban"]
[Black "Vios"]
[WhiteElo "2140"]
[BlackElo "2010"]
[Result "0-1"]
[Round "1"]
1.d4 e6
2.c4 Ng8f6
3.e3 d5
4.a3 b6
5.Ng1f3 Bc8b7
6.Nb1c3 Nb8d7
7.Bf1d3 c5
8.O-O Bf8e7
9.h3 O-O
10.Rf1e1 Ra8c8
11.cxd5 Nf6xd5
12.Nc3xd5 Bb7xd5
13.e4 Bd5b7
14.d5 c4
15.Bd3e2 exd5
16.exd5 Rf8e8
17.Bc1f4 Be7f6
18.Ra1b1 Rc8c5
19.d6 Bb7e4
20.Rb1c1 b5
{ resign }
0-1

[Event "Tourn. n9516"]
[Site "www.chess-mail.com"]
[Date "2017.10.19"]
[Round "1"]
[White "Prize64"]
[Black "Theo64"]
[WhiteElo "1740"]
[BlackElo "1669"]
[Result "1-0"]
[Round "1"]
1.e4 e6
2.f4 d5
3.e5 c5
4.c3 Nb8c6
5.Ng1f3 Qd8b6
6.d4 f6
7.Bf1d3 cxd4
8.cxd4 fxe5
9.fxe5 Bf8b4
10.Nb1c3 Ng8e7
11.O-O O-O
12.Bc1d2 Nc6xd4
13.Kh1 Nd4xf3
14.Rf1xf3 Bc8d7
15.Rf3h3 Bb4xc3
16.Bd3xh7 Kf7
17.Bd2xc3 Bd7b5
18.Qd1h5 g6
19.Bh7xg6 Ne7xg6
20.Qh5h7 Ke8
21.Qh7xg6 Kd7
22.Rh3h7 Kc8
23.Bc3b4 Rf8e8
24.Ra1c1 Kb8
25.Bb4d6 { resign }
1-0

[Event "Tourn. n9522"]
[Site "www.chess-mail.com"]
[Date "2017.10.19"]
[Round "1"]
[White "Falcoale"]
[Black "Luban"]
[WhiteElo "1990"]
[BlackElo "2120"]
[Result "0-1"]
[Round "1"]
1.e4 c5
2.Ng1f3 d6
3.Bf1c4 e6
4.O-O h6
5.a3 a6
6.d3 Nb8c6
7.Bc1e3 b5
8.Bc4a2 Bc8b7
9.Rf1e1 Ng8f6
10.Nb1c3 Bf8e7
11.h3 O-O
12.Nc3e2 Qd8c7
13.Ne2g3 d5
14.e5 Nf6d7
15.d4 cxd4
16.Nf3xd4 Nc6xe5
17.Be3f4 Be7d6
18.Bf4e3 Ra8c8
19.c3 Ne5c4
20.Ra1b1 Bd6xg3
21.fxg3 Qc7xg3
22.Be3f2 Qg3c7
23.Qd1g4 Nd7f6
24.Qg4e2 Nf6e4
25.Ba2xc4 Qc7xc4
26.Qe2xc4 Rc8xc4
27.Nd4f3 Ne4xf2
28.Kxf2 Rf8e8
29.Nf3d4 e5
30.Nd4e2 d4
31.cxd4 exd4
32.Re1d1 Rc4c2
33.Rd1e1 d3
34.Kg1 Re8xe2
35.Re1xe2 Rc2xe2
{ resign }
0-1

[Event "Tourn. n9528"]
[Site "www.chess-mail.com"]
[Date "2017.10.19"]
[Round "1"]
[White "Vaido12"]
[Black "Faerieking"]
[WhiteElo "2500"]
[BlackElo "2240"]
[Result "1-0"]
[Round "1"]
1.e4 d5
2.exd5 Ng8f6
3.Ng1f3 Bc8g4
4.Bf1b5 Nb8d7
5.Nb1c3 a6
6.Bb5e2 Nd7b6
7.h3 Bg4f5
8.O-O Nb6xd5
9.Nc3xd5 Nf6xd5
10.c4 Nd5f6
11.d4 e6
12.Qd1b3 Ra8b8
13.Nf3e5 Bf8e7
14.Rf1d1 O-O
15.Bc1f4 Qd8c8
16.g4 Bf5g6
17.Ra1c1 Be7d6
18.h4 h6
19.Qb3g3 Rf8d8
20.Rd1e1 Bg6h7
21.g5 hxg5
22.hxg5 Nf6d7
23.g6 Bh7xg6
24.Ne5xg6 { resign }
1-0

[Event "Tourn. n9543"]
[Site "www.chess-mail.com"]
[Date "2017.10.19"]
[Round "1"]
[White "Jazzy"]
[Black "Tartan"]
[WhiteElo "2240"]
[BlackElo "2460"]
[Result "0-1"]
[Round "1"]
1.d4 Ng8f6
2.c4 e6
3.Ng1f3 d5
4.Nb1c3 c6
5.Bc1g5 dxc4
6.e3 b5
7.e4 Bc8b7
8.e5 h6
9.exf6 hxg5
10.fxg7 Bf8xg7
11.Nc3e4 Nb8a6
12.Bf1e2 f6
13.O-O g4
14.Nf3e1 f5
15.Ne4c5 Na6xc5
16.dxc5 Bg7xb2
17.Qd1xd8 Ra8xd8
18.Ra1b1 Rd8d2
19.Be2d1 Bb2a3
{ resign }
0-1

[Event "Tourn. n9513"]
[Site "www.chess-mail.com"]
[Date "2017.10.19"]
[Round "1"]
[White "Mokka0616"]
[Black "Begory"]
[WhiteElo "1459"]
[BlackElo "1719"]
[Result "0-1"]
[Round "1"]
1.e4 e5
2.c3 Bf8c5
3.Ng1f3 Nb8c6
4.d4 exd4
5.cxd4 Bc5b4
6.Bc1d2 Bb4xd2
7.Qd1xd2 d5
8.e5 h6
9.Nb1c3 Bc8g4
10.h3 Bg4xf3
11.gxf3 Qd8g5
12.Qd2xg5 hxg5
13.Nc3xd5 O-O-O
14.a4 Rd8xd5
15.Bf1c4 Rd5xd4
 { time }
0-1

[Event "Tourn. n9516"]
[Site "www.chess-mail.com"]
[Date "2017.10.19"]
[Round "1"]
[White "Theo64"]
[Black "Osopanda"]
[WhiteElo "1639"]
[BlackElo "1720"]
[Result "0-1"]
[Round "1"]
1.e4 d6
2.d4 Ng8f6
3.Nb1c3 Nb8d7
4.Ng1f3 e5
5.dxe5 dxe5
6.Bc1g5 Bf8e7
7.Bf1c4 O-O
8.O-O c6
9.Qd1e2 Qd8c7
10.Ra1d1 b5
11.Bc4b3 a5
12.a4 { time. }
0-1

[Event "Match"]
[Site "www.echecsemail.com"]
[Date "2017.10.19"]
[Round "1"]
[White "Pellix84"]
[Black "Gidi5"]
[WhiteElo "2080"]
[BlackElo "1499"]
[Result "0-1"]
[Round "1"]
1.d4 Ng8f6
2.c4 e6
3.Ng1f3 b6
4.Nb1c3 Bc8b7
5.Bc1g5 Bf8e7
6.e3 Nf6e4
7.Bg5xe7 Qd8xe7
8.d5 Ne4xc3
9.bxc3 Qe7a3
10.Qd1d4 O-O
11.Bf1e2 c5
12.Qd4d3 exd5
13.Nf3g5 g6
14.O-O h6
15.Ng5f3 dxc4
16.Qd3d2 d5
17.Nf3e5 Kg7
18.f4 Qa3a4
19.f5 Qa4e8
20.Ne5g4 h5
21.Ng4f2 Nb8d7
22.Nf2h3 Qe8e7
23.Qd2e1 Qe7xe3
24.Kh1 d4
25.Be2f3 Bb7xf3
26.Rf1xf3 Qe3xe1
27.Ra1xe1 Ra8e8
28.Re1f1 Nd7e5
29.Rf3f4 Ne5d3
30.Rf4h4 Kh6
31.g4 Re8e1
32.Rf1xe1 Nd3xe1
33.gxh5 gxf5
34.Nh3f4 Kg5
{ resign }
0-1

[Event "Match"]
[Site "www.echecsemail.com"]
[Date "2017.10.19"]
[Round "1"]
[White "Cal"]
[Black "Jc7325"]
[WhiteElo "1680"]
[BlackElo "1499"]
[Result "1-0"]
[Round "1"]
1.c4 d5
2.c5 Nb8c6
3.d4 h6
4.h3 Ng8f6
5.e3 e5
6.Bf1b5 a6
7.Bb5a4 Bf8e7
8.Nb1c3 O-O
9.Ng1f3 e4
10.Nf3e5 b5
11.O-O bxa4
12.Nc3xa4 Be7d6
13.cxd6 Qd8xd6
14.Na4c5 Nf6d7
15.Nc5xd7 Bc8xd7
16.a3 Nc6xe5
17.dxe5 Qd6xe5
18.Ra1b1 Ra8b8
19.b4 Bd7b5
20.Qd1g4 Bb5xf1
21.Kxf1 f5
22.Qg4g6 Rf8f6
23.Qg6h5 d4
24.exd4 Qe5b5
25.Kg1 Qb5d3
26.Bc1f4 e3
27.fxe3 Qd3xa3
28.Bf4xc7 Rb8xb4
29.Rb1xb4 Qa3xb4
30.Bc7e5 Rf6b6
31.Qh5xf5 Rb6b5
32.Qf5e6 Kh7
33.d5 Qb4b1
34.Kh2 Qb1e4
35.Be5f4 Rb5xd5
36.Qe6xe4 { resign }
1-0

[Event "Match"]
[Site "www.echecsemail.com"]
[Date "2017.10.19"]
[Round "1"]
[White "Luzhin"]
[Black "Apdash"]
[WhiteElo "2360"]
[BlackElo "2210"]
[Result "1-0"]
[Round "1"]
1.d4 d5
2.c4 Ng8f6
3.cxd5 Qd8xd5
4.Nb1c3 Qd5d8
5.Ng1f3 e6
6.e4 Bf8e7
7.Bf1c4 c6
8.O-O b5
9.Bc4d3 a6
10.Qd1c2 h6
11.a4 Bc8b7
12.e5 Nf6d7
13.Bc1d2 b4
14.Nc3e4 O-O
15.Ra1c1 Nd7b6
16.Ne4c5 Be7xc5
17.dxc5 Nb6d5
18.Qc2c4 a5
19.Qc4e4 f5
20.exf6 Qd8xf6
21.Qe4h7 Kf7
22.Bd3g6 Ke7
23.Bd2xh6 Nb8d7
24.Bh6xg7 { resign }
1-0

[Event "Match"]
[Site "www.echecsemail.com"]
[Date "2017.10.19"]
[Round "1"]
[White "Comrade"]
[Black "Apdash"]
[WhiteElo "2280"]
[BlackElo "2110"]
[Result "1-0"]
[Round "1"]
1.c4 e5
2.Nb1c3 c6
3.Ng1f3 d6
4.e3 Ng8f6
5.d4 exd4
6.exd4 Bf8e7
7.Bf1e2 O-O
8.O-O b6
9.b4 a5
10.b5 cxb5
11.cxb5 d5
12.Be2d3 Be7b4
13.Qd1c2 Ra8a7
14.Bc1f4 Bc8g4
15.Nf3e5 h6
16.a3 Bb4d6
17.Rf1e1 Ra7c7
18.h3 Bg4e6
19.g4 Qd8c8
20.Re1c1 Nf6xg4
21.hxg4 f6
22.Bd3h7 Kh8
23.Ne5g6 Kxh7
24.Ng6xf8 Kg8
25.Bf4xd6 Rc7c4
26.Qc2h7 Kf7
27.Qh7g6 Kg8
28.Nf8xe6 Qc8xe6
29.Rc1e1 { resign }
1-0